Derecho de la navegación : (Record no. 34899)
[ view plain ]
| 000 -LEADER | |
|---|---|
| fixed length control field | 00713nam a22002057a 4500 |
| 005 - DATE AND TIME OF LATEST TRANSACTION | |
| control field | 20150124124103.0 |
| 008 - FIXED-LENGTH DATA ELEMENTS--GENERAL INFORMATION | |
| fixed length control field | 121113t ag||||| |||| 00| 0 spa d |
| 020 ## - INTERNATIONAL STANDARD BOOK NUMBER | |
| International Standard Book Number | 9502007030 (V.1) |
| 020 ## - INTERNATIONAL STANDARD BOOK NUMBER | |
| International Standard Book Number | 9502009959 (V.3) |
| 050 04 - LIBRARY OF CONGRESS CALL NUMBER | |
| Classification number | KHA1400 |
| Item number | R39 1992 |
| 100 1# - MAIN ENTRY--PERSONAL NAME | |
| Personal name | Ray, José Domingo |
| 245 10 - TITLE STATEMENT | |
| Title | Derecho de la navegación : |
| Remainder of title | con textos legales nacionales e internacionales y sobre comercio exterior / |
| Statement of responsibility, etc | José Domingo Ray |
| 250 ## - EDITION STATEMENT | |
| Edition statement | 1a ed. |
| 260 ## - PUBLICATION, DISTRIBUTION, ETC. (IMPRINT) | |
| Place of publication, distribution, etc | Buenos Aires, Argentina : |
| Name of publisher, distributor, etc | ABELEDO-PERROT, |
| Date of publication, distribution, etc | 1992 |
| 300 ## - PHYSICAL DESCRIPTION | |
| Extent | 2 v. ; |
| Dimensions | 24 cm. |
| 504 ## - BIBLIOGRAPHY, ETC. NOTE | |
| Bibliography, etc | Incluye bibliografía e índice |
| 650 #7 - SUBJECT ADDED ENTRY--TOPICAL TERM | |
| Source of heading or term | LEMB |
| Topical term or geographic name as entry element | Derecho maritimo |
| Geographic subdivision | Argentina |
| 650 #7 - SUBJECT ADDED ENTRY--TOPICAL TERM | |
| Source of heading or term | LEMB |
| Topical term or geographic name as entry element | Derecho comercial maritimo |
| Geographic subdivision | Argentina |
| 942 ## - ADDED ENTRY ELEMENTS (KOHA) | |
| Source of classification or shelving scheme | Biblioteca del Cogreso de los Estados Unidos |
| Koha item type | Libro |
| Estado de pérdida | Fuente de clasificación | Estado del daño | No para préstamo | Ubicación permanente | Ubicación actual | Apartado o colección | Fecha de adquisición | Fuente de adquisición | Área del conocimiento | Clasificación | Código de Barras | Date last seen | Número de copia | Tipo de recurso |
|---|---|---|---|---|---|---|---|---|---|---|---|---|---|---|
| Biblioteca del Cogreso de los Estados Unidos | Biblioteca Campus Lázaro Cardenas | Biblioteca Campus Lázaro Cardenas | General | 13/11/2012 | KHA1400 R39 1992 V.1 | BCLC000001330 | 16/01/2015 | 1 | Libro | |||||
| Biblioteca del Cogreso de los Estados Unidos | Biblioteca Campus Lázaro Cardenas | Biblioteca Campus Lázaro Cardenas | General | 13/11/2012 | KHA1400 R39 1997 V.3 | BCLC000001331 | 13/11/2012 | 1 | Libro |